000 01631nam a2200337 c 4500
003 BLK
005 20250509120039.0
008 180411b bul|||||r ||||||| ||bul||
010 _aKNG00194863000
040 _aBLK
041 _aBUL
_cBUL
080 _aВъзпитание у дома. Семейно възпитание
_b37.018.1
_x
_z37.018.1
080 _aПсихология на детската възраст. Интелектуално развитие на децата. Психически особености. Детски представи, описани в разкази
_b159.922.7
_x
_z159.922.7
100 1 _aЛеви, Владимир Лвович
_eпърви автор
_9321444
700 1 _aБузин, Николай Сергеев
_eпрев. от рус.
_9376939
139 _aЛеви, Владимир Лвович
_bЛ 35
245 1 0 _aНестандартното дете
_cВладимир Лвович Леви; прев. от рус. Николай Сергеев Бузин.
257 _aSUN
260 София
_bНар. просв.
_c1988
300 _a200 с.
_c20 см
380 _a3
500 _aИзд. е кн. 2 на Изкуството да общуваме от същия авт. - 51 119 тир.
650 4 _aВъзпитание в семейството
_9242361
650 4 _aДеца - психология и развитие
_9252362
852 _aЦб 153947
856 4 _qpdf
_u
856 4 _qpdf
_u
942 _cKNG
_n0
_06
944 _aCR
_c01.11.2016
_k30542
_lРусанова Ирена
944 _aED
_c01.11.2016
_kПравда_Бадева
999 _c185869
_d185869